000 nkm a22 a 4500
999 _c388049
_d388049
003 BLK
005 20200923083346.0
008 200923b bu ||||| |||| 00| 0 bu d
040 _aBLK
041 _aRUS
_cRUS
080 _aТелевизионни приемници. Телевизори
_b621.397.62
_z621.397.62
139 _aТелевизионные приемники
245 _aТелевизионные приемники
_cАльбом-справочник
257 _aSUN
260 _9211509
_aМосква
_bСвязь
_c1964
300 _a72 с.
_bсхем.
_c25Х39
380 _a62
490 _9433860
_aБиблиотека Телевизионный прием
_v16
653 7 _9198114
_aтелевизори
653 7 _9197742
_aсхеми
852 _aЦб 302966
_bЦб
942 _cGRA
_n0
_s1
944 _aCR
_c2020-09-23
_kгц